Statistics for Name that City!

Click here to take the quiz!

General Stats

  • This quiz has been taken 28 times
    (6 since last reset)
  • The average score is 11 of 15

Answer Stats

HintCity% Correct
The place to go to in Nevada for casinos and barsLas Vegas
100%
Is the capital of the most populous countryNew Delhi
100%
Tourists commonly visit here to see the Eiffel Tower and LouvreParis
100%
The capital of the USAWashington, D.C.
100%
Is the capital of ScotlandEdinburgh
80%
Both a holy city in Islam and JudaismJerusalem
80%
In Islam, this city is the holiest cityMecca
80%
Known for good food and the ColosseumRome
80%
The largest city in AustraliaBrisbane
60%
This south-eastern island is a country as well as a city. Known for “hawker centres”Singapore
60%
The smaller of Bolivia’s capitalsSucre
60%
Famous for its low-hanging bridges and gondolasVenice
60%
Is the capital of the country with the most pyramidsKhartoum
40%
This small city has in Wales has an extremely long nameLlanfairpwllgwyngyllgogerychwyrndrobwllllantysiliogogogoch
40%
Is the capital of the country with more sheep than peopleWellington
40%

Score Distribution

Percentile by Number Answered

Percent of People with Each Score

Your Score History

You have not taken this quiz since the last reset